Minimally Invasive Urological Procedures and Related Technological Developments (Record no. 32089)

MARC details
000 -LEADER
fixed length control field 01382nam a2200133Ia 4500
008 - FIXED-LENGTH DATA ELEMENTS--GENERAL INFORMATION
fixed length control field 220620s9999||||xx |||||||||||||| ||und||
020 ## - INTERNATIONAL STANDARD BOOK NUMBER
International Standard Book Number 9783040000000
245 #0 - TITLE STATEMENT
Title Minimally Invasive Urological Procedures and Related Technological Developments
546 ## - LANGUAGE NOTE
Language note English[eng]
650 ## - SUBJECT ADDED ENTRY--TOPICAL TERM
Topical term or geographic name entry element partial nephrectomy||single site surgery||sutureless||CEUS||contrast-enhanced ultrasound||renal ultrasound||image quality||small renal mass (3–5)||kidney stones||metabolic syndrome||urolithiasis||nephrolithiasis||kidney calculi||diabetes mellitus||acute kidney injury||percutaneous nephrolithotomy||urology||artificial intelligence||machine learning||urinary incontinence||kidney stone disease||fertility||reproductive urology||renal cell carcinoma||hydronephrosis||urinary reflux||endourology||pediatric urology||prostate cancer||bladder cancer||nephrostomy||quality of life||survival||decision making||ureteroscopy||laser||RIRS||Moses||holmium||mineral water||mineral composition||drinking water||still water||sparkling water||Ho:YAG laser||thulium fiber laser||laser fiber||lithotripsy||chronic prostatitis||chronic pelvic pain syndrome||extracorporeal shockwave therapy||ESWT||NIH-CPSI||EHS||IIEF-5||QoL||urosepsis||laser lithotripsy||predictor factors||PCNL||renal tumour||AI||TFL
700 ## - ADDED ENTRY--PERSONAL NAME
Personal name Somani, Bhaskar K
856 ## - ELECTRONIC LOCATION AND ACCESS
Uniform Resource Identifier <a href="https://mdpi.com/books/pdfview/book/4782">https://mdpi.com/books/pdfview/book/4782</a>
942 ## - ADDED ENTRY ELEMENTS (KOHA)
Koha item type E-Books
Holdings
Withdrawn status Lost status Damaged status Not for loan Home library Current library Date acquired Total Checkouts Date last seen Price effective from Koha item type
        Kerala University of Digital Sciences, Innovation and Technology Knowledge Centre Kerala University of Digital Sciences, Innovation and Technology Knowledge Centre 20/06/2022   20/06/2022 20/06/2022 E-Books